[Event "CHN-ch Gp-B"]
[Site "Liaocheng"]
[Date "2024.04.24"]
[Round "8"]
[White "Yu, Chaojie"]
[Black "Xia, Jinnan"]
[Result "1/2-1/2"]
[WhiteElo "2047"]
[BlackElo "1819"]
[PlyCount "62"]
[EventDate "2024.04.21"]
[EventType "swiss"]
[EventRounds "11"]
[EventCountry "CHN"]
[SourceTitle "CB18_2024"]
[SourceDate "2024.05.01"]
[SourceVersion "1"]
[SourceVersionDate "2024.05.01"]
[SourceQuality "2"]

1. e4 c5 2. Nf3 d6 3. d4 cxd4 4. Nxd4 Nf6 5. f3 a6 6. c4 e6 7. Nc3 Be7 8. Be3 Qc7 9. Be2 Nbd7 10. 0-0 0-0 11. Rc1 b6 12. Qd2 Bb7 13. Rfd1 Rac8 14. Bf1 Rfd8 15. Qf2 Qb8 16. a4 Bf8 17. Kh1 Ne5 18. Nb3 Nxc4 19. Bxc4 Rxc4 20. Bxb6 Rd7 21. Na5 Rc8 22. Nxb7 Qxb7 23. a5 d5 24. e5 Ne8 25. Ne2 Nc7 26. Qd4 Nb5 27. Qd3 Rxc1 28. Rxc1 d4 29. f4 g6 30. Ng3 Be7 31. Ne4 Kg7 1/2-1/2

[Event "CHN-ch Gp-B"]
[Site "Liaocheng"]
[Date "2024.04.23"]
[Round "6"]
[White "Yu, Chaojie"]
[Black "Hong, Mingren"]
[Result "1/2-1/2"]
[WhiteElo "2047"]
[BlackElo "1747"]
[PlyCount "60"]
[EventDate "2024.04.21"]
[EventType "swiss"]
[EventRounds "11"]
[EventCountry "CHN"]
[SourceTitle "CB18_2024"]
[SourceDate "2024.05.01"]
[SourceVersion "1"]
[SourceVersionDate "2024.05.01"]
[SourceQuality "2"]

1. c4 Nf6 2. Nf3 g6 3. b3 Bg7 4. Bb2 0-0 5. g3 c6 6. Bg2 d5 7. 0-0 a5 8. d3 a4 9. Na3 Na6 10. Nc2 Nc7 11. Rb1 axb3 12. axb3 c5 13. Ra1 Bd7 14. Be5 Bc6 15. Rxa8 Nxa8 16. Qa1 dxc4 17. bxc4 Nb6 18. Rb1 Nbd7 19. Bc3 Qc7 20. Ne5 Bxg2 21. Nxd7 Qxd7 22. Kxg2 Qc6+ 23. Kg1 b6 24. Ne3 Rb8 25. Qa7 Nd7 26. Nd5 Qd6 27. Bxg7 Kxg7 28. Rb5 h5 29. h4 f6 30. Qa1 Kf7 1/2-1/2

[Event "CHN-ch sf"]
[Site "Hefei"]
[Date "2023.04.24"]
[Round "3"]
[White "Yu, Chaojie"]
[Black "Yan, Linhao"]
[Result "1/2-1/2"]
[WhiteElo "2110"]
[BlackElo "1449"]
[PlyCount "115"]
[EventDate "2023.04.23"]
[EventType "swiss"]
[EventRounds "11"]
[EventCountry "CHN"]
[SourceTitle "CBM 214 Extra"]
[Source "ChessBase"]
[SourceDate "2023.07.31"]
[SourceVersion "1"]
[SourceVersionDate "2023.07.31"]
[SourceQuality "1"]

1. e4 c5 2. Nf3 d6 3. d4 cxd4 4. Nxd4 Nf6 5. f3 e5 6. Nb3 d5 7. exd5 Qxd5 8. Bd3 Nc6 9. Nc3 Qd8 10. a3 Be6 11. Be3 Nd5 12. Nxd5 Bxd5 13. Qd2 Be7 14. 0-0 0-0 15. Rad1 Be6 16. Qf2 Qc7 17. Kh1 f5 18. Nc5 Bxc5 19. Bxc5 Rfd8 20. Qe2 b6 21. Bf2 Re8 22. Bb5 Bf7 23. Rfe1 e4 24. fxe4 Rxe4 25. Qf3 a6 26. Bg3 Qc8 27. Bd3 Rxe1+ 28. Rxe1 g6 29. h3 b5 30. Qf4 Qd7 31. a4 b4 32. Bc4 Bxc4 33. Qxc4+ Kg7 34. Re6 Rc8 35. Rd6 Qf7 36. Qxa6 Ne7 37. Be5+ Kh6 38. Qd3 Rc4 39. Rd4 Rxd4 40. Qxd4 g5 41. Qxb4 Ng6 42. Bd6 Qe6 43. Qd2 f4 44. Bc5 f3 45. gxf3 Qf5 46. Be3 Qxf3+ 47. Kh2 Nf4 48. Bxf4 gxf4 49. Qg2 Qe3 50. Qc6+ Kh5 51. Qd5+ Kh6 52. Qd6+ Kh5 53. Qd5+ Kh6 54. Qd6+ Kh5 55. Qd1+ Kh6 56. Qd6+ Kh5 57. Qd1+ Kh6 58. Qd6+ 1/2-1/2

[Event "CHN-chT"]
[Site "China"]
[Date "2014.12.08"]
[Round "21.5"]
[White "Yu, Chaojie"]
[Black "Wan, Yunguo"]
[Result "1/2-1/2"]
[WhiteElo "2132"]
[BlackElo "2505"]
[PlyCount "77"]
[EventDate "2014.04.12"]
[EventType "team-tourn"]
[EventRounds "22"]
[EventCountry "CHN"]
[SourceTitle "EXT 2016"]
[Source "ChessBase"]
[SourceDate "2015.10.08"]
[SourceVersion "1"]
[SourceVersionDate "2015.10.08"]
[SourceQuality "1"]
[WhiteTeam "Qingdao Qingwei"]
[BlackTeam "Hebei"]
[WhiteTeamCountry "CHN"]
[BlackTeamCountry "CHN"]

1. e4 e5 2. Nf3 Nc6 3. Bb5 a6 4. Ba4 Nf6 5. 0-0 b5 6. Bb3 Bc5 7. Nxe5 Nxe5 8. d4 Bxd4 9. Qxd4 d6 10. c3 0-0 11. Bg5 h6 12. Bxf6 Qxf6 13. f4 c5 14. Qe3 Ng4 15. Qg3 Qe7 16. Nd2 c4 17. Bd1 Qa7+ 18. Kh1 Ne3 19. Re1 Nxd1 20. Raxd1 Re8 21. Nf3 Bb7 22. Rd4 Qc5 23. Nh4 Bc8 24. Rd5 Qc7 25. f5 f6 26. Rxd6 Bb7 27. Rd4 Qxg3 28. hxg3 Rad8 29. e5 Rxd4 30. cxd4 Kf7 31. e6+ Ke7 32. Ng6+ Kd6 33. Nf4 b4 34. Kg1 Bd5 35. Kf2 Rc8 36. Ke3 a5 37. Rc1 a4 38. g4 Rb8 39. g3 1/2-1/2

[Event "Penang op 4th"]
[Site "Penang"]
[Date "2012.12.14"]
[Round "7"]
[White "Villanueva, Nelson"]
[Black "Yu, Chaojie"]
[Result "1-0"]
[WhiteElo "2278"]
[BlackElo "2128"]
[PlyCount "127"]
[EventDate "2012.12.11"]
[EventType "swiss"]
[EventRounds "9"]
[EventCountry "MAS"]
[SourceTitle "EXT 2014"]
[Source "ChessBase"]
[SourceDate "2013.11.20"]
[SourceVersion "1"]
[SourceVersionDate "2013.11.20"]
[SourceQuality "1"]

1. d4 d5 2. c4 e6 3. Nf3 Nf6 4. Qc2 c6 5. g3 Nbd7 6. Bg2 Bd6 7. Nc3 0-0 8. 0-0 Qe7 9. e4 Nxe4 10. Nxe4 dxe4 11. Qxe4 e5 12. dxe5 Nxe5 13. Ng5 f5 14. Qe2 h6 15. Nh3 Ng6 16. Bd2 Qf7 17. f4 Be6 18. b3 Bc5+ 19. Kh1 Rad8 20. Rad1 Rd6 21. Ba5 Bc8 22. Rxd6 Bxd6 23. Rd1 Bc7 24. Bc3 Rd8 25. Nf2 Be6 26. Nd3 b5 27. cxb5 cxb5 28. Nb4 Rxd1+ 29. Qxd1 Qd7 30. Qe2 Ne7 31. h3 Kh7 32. Kh2 a5 33. Nd3 Bb6 34. Bxa5 Bxa5 35. Nc5 Qd6 36. Nxe6 Bb6 37. a4 bxa4 38. bxa4 Kg6 39. Qc4 Kf6 40. Nf8 Ng6 41. Nxg6 Kxg6 42. Qc8 Kf6 43. h4 Qc5 44. Qe8 Qe7 45. Qc6+ Qe6 46. Qb5 Qe3 47. a5 Ba7 48. Qa6+ Ke7 49. Qg6 Qd4 50. Qxf5 Kd6 51. Qf8+ Kc7 52. Qa8 Kd6 53. Qc6+ Ke7 54. a6 Qb6 55. Qxb6 Bxb6 56. h5 Ke6 57. Be4 Kd6 58. Kh3 Kc5 59. Kg4 Kb5 60. Bb7 Bf2 61. Kf5 Kb6 62. g4 Be3 63. g5 hxg5 64. fxg5 1-0

[Event "Penang op 4th"]
[Site "Penang"]
[Date "2012.12.13"]
[Round "5"]
[White "Olay, Edgar Reggie"]
[Black "Yu, Chaojie"]
[Result "1-0"]
[WhiteElo "2355"]
[BlackElo "2128"]
[PlyCount "81"]
[EventDate "2012.12.11"]
[EventType "swiss"]
[EventRounds "9"]
[EventCountry "MAS"]
[SourceTitle "EXT 2014"]
[Source "ChessBase"]
[SourceDate "2013.11.20"]
[SourceVersion "1"]
[SourceVersionDate "2013.11.20"]
[SourceQuality "1"]

1. d4 d5 2. c4 c6 3. Nf3 Nf6 4. Nc3 a6 5. c5 Nbd7 6. Bf4 Nh5 7. Bd2 g6 8. e4 dxe4 9. Nxe4 Bg7 10. Bc4 0-0 11. 0-0 Ndf6 12. Nc3 Bg4 13. Be3 Nd5 14. Nxd5 cxd5 15. Be2 Nf6 16. b4 Qc7 17. h3 Bxf3 18. Bxf3 Rad8 19. Rb1 e5 20. dxe5 Ne4 21. Bd4 Bxe5 22. Rb3 f5 23. Rd3 Rd7 24. Qb3 Rfd8 25. Rc1 Kg7 26. Rcd1 Bxd4 27. Rxd4 Qc6 28. a3 a5 29. Qe3 axb4 30. axb4 h6 31. Be2 Nf6 32. Rc1 Re8 33. Qd3 Re4 34. b5 Qe6 35. Rxe4 Qxe4 36. Qd2 Qe5 37. b6 Ne4 38. Qc2 Re7 39. Ba6 Nxc5 40. Qxc5 bxa6 41. Qxe7+ 1-0

[Event "Penang op 4th"]
[Site "Penang"]
[Date "2012.12.11"]
[Round "2"]
[White "Yu, Chaojie"]
[Black "Diano, Eden"]
[Result "1/2-1/2"]
[WhiteElo "2128"]
[BlackElo "2370"]
[PlyCount "81"]
[EventDate "2012.12.11"]
[EventType "swiss"]
[EventRounds "9"]
[EventCountry "MAS"]
[SourceTitle "EXT 2014"]
[Source "ChessBase"]
[SourceDate "2013.11.20"]
[SourceVersion "1"]
[SourceVersionDate "2013.11.20"]
[SourceQuality "1"]

1. e4 c5 2. Nf3 a6 3. c4 e6 4. d4 cxd4 5. Nxd4 Nf6 6. Nc3 Bb4 7. Bd3 Qc7 8. 0-0 Nc6 9. Nxc6 dxc6 10. Bd2 0-0 11. a3 Bd6 12. h3 Bf4 13. Bxf4 Qxf4 14. Qe2 e5 15. c5 Qg5 16. Qe3 Qxe3 17. fxe3 Be6 18. Bc2 Rfd8 19. Rfd1 Kf8 20. Na4 Ke7 21. Nb6 Rxd1+ 22. Rxd1 Rd8 23. Rxd8 Kxd8 24. Kf2 Nd7 25. Nxd7 Kxd7 26. Bd3 a5 27. Ke2 Bb3 28. Kd2 Ba4 29. Kc3 Bb5 30. Bc4 f6 31. Kb3 Kc7 32. a4 Bxc4+ 33. Kxc4 h5 34. g3 Kb8 35. Kd3 Ka7 36. Kc4 Ka6 37. Kc3 b5 38. cxb6 Kxb6 39. Kd3 Ka6 40. Kc3 Kb7 41. Kd3 1/2-1/2

[Event "Beijing zt 3.5"]
[Site "Beijing"]
[Date "2012.09.18"]
[Round "8"]
[White "Yu, Chaojie"]
[Black "Yang, Kaiqi"]
[Result "0-1"]
[WhiteElo "2159"]
[BlackElo "2374"]
[PlyCount "68"]
[EventDate "2012.09.15"]
[EventType "swiss"]
[EventRounds "11"]
[EventCountry "CHN"]
[SourceTitle "EXT 2013"]
[Source "ChessBase"]
[SourceDate "2012.11.22"]
[SourceVersion "1"]
[SourceVersionDate "2012.11.22"]
[SourceQuality "1"]

1. e4 e5 2. Nf3 Nc6 3. Bb5 f5 4. d4 fxe4 5. Bxc6 dxc6 6. Nxe5 Qh4 7. 0-0 Nf6 8. f3 Be6 9. fxe4 0-0-0 10. Rf4 Qh5 11. Qxh5 Nxh5 12. Rf1 Rxd4 13. Nd2 Bc5 14. Kh1 Nf6 15. Nef3 Rdd8 16. e5 Ng4 17. Ne4 Bb6 18. h3 Bd5 19. hxg4 Bxe4 20. c3 h6 21. Re1 Bd5 22. Nd4 Rde8 23. Kh2 h5 24. g5 Rhf8 25. Kg1 c5 26. Nc2 Rf5 27. e6 Rxe6 28. Rxe6 Bxe6 29. Be3 g6 30. b3 c6 31. Ne1 c4 32. Bxb6 axb6 33. Nf3 Bd5 34. bxc4 Bxf3 0-1

[Event "Beijing zt 3.5"]
[Site "Beijing"]
[Date "2012.09.16"]
[Round "3"]
[White "Li, Bo"]
[Black "Yu, Chaojie"]
[Result "1-0"]
[WhiteElo "2237"]
[BlackElo "2159"]
[PlyCount "79"]
[EventDate "2012.09.15"]
[EventType "swiss"]
[EventRounds "11"]
[EventCountry "CHN"]
[SourceTitle "EXT 2013"]
[Source "ChessBase"]
[SourceDate "2012.11.22"]
[SourceVersion "1"]
[SourceVersionDate "2012.11.22"]
[SourceQuality "1"]

1. d4 d5 2. Nf3 Nf6 3. c4 c6 4. Nc3 a6 5. c5 Nbd7 6. Bf4 Nh5 7. e3 g6 8. Bd3 Bg7 9. 0-0 0-0 10. h3 Nxf4 11. exf4 Re8 12. Qc2 e6 13. h4 b6 14. b4 bxc5 15. bxc5 Qf6 16. Ne2 Qd8 17. h5 a5 18. g3 Ba6 19. hxg6 hxg6 20. Kg2 Qc7 21. Bxa6 Rxa6 22. Rab1 Ra7 23. Ne5 Bxe5 24. fxe5 Kg7 25. Rh1 Raa8 26. Qd2 Rh8 27. Qg5 Rxh1 28. Rxh1 Rh8 29. Rxh8 Kxh8 30. Qe7 Kg8 31. Nf4 Qc8 32. a4 Nb8 33. Qa7 Nd7 34. Qxa5 Qb7 35. Qd8+ Nf8 36. Qb6 Qxb6 37. cxb6 Nd7 38. a5 Kf8 39. b7 Nb8 40. Nd3 1-0

[Event "Beijing zt 3.5"]
[Site "Beijing"]
[Date "2012.09.15"]
[Round "2"]
[White "Yu, Chaojie"]
[Black "Dai, Changren"]
[Result "0-1"]
[WhiteElo "2159"]
[BlackElo "2134"]
[PlyCount "46"]
[EventDate "2012.09.15"]
[EventType "swiss"]
[EventRounds "11"]
[EventCountry "CHN"]
[SourceTitle "EXT 2013"]
[Source "ChessBase"]
[SourceDate "2012.11.22"]
[SourceVersion "1"]
[SourceVersionDate "2012.11.22"]
[SourceQuality "1"]

1. e4 c5 2. Nf3 d6 3. d4 cxd4 4. Nxd4 Nf6 5. f3 Nc6 6. c4 g6 7. Nc3 Bg7 8. Nc2 0-0 9. Be3 Be6 10. Be2 Rc8 11. Na3 Na5 12. Nd5 Nxd5 13. cxd5 Bxb2 14. dxe6 Bxa3 15. Bh6 Bb4+ 16. Kf1 Bc3 17. Rb1 Bg7 18. exf7+ Rxf7 19. Bxg7 Kxg7 20. Qd4+ e5 21. Qxa7 Rc2 22. h4 Qc7 23. Kf2 Rxe2+ 0-1

[Event "Asia-ch U18"]
[Site "Hikkaduwa"]
[Date "2012.06.26"]
[Round "2.3"]
[White "Yu, Chaojie"]
[Black "Abdullah, Al Saif"]
[Result "1/2-1/2"]
[WhiteElo "2202"]
[BlackElo "2097"]
[PlyCount "47"]
[EventDate "2012.06.26"]
[EventType "swiss"]
[EventRounds "9"]
[EventCountry "SRI"]
[SourceTitle "EXT 2024"]
[Source "ChessBase"]
[SourceDate "2023.10.10"]
[SourceVersion "1"]
[SourceVersionDate "2023.10.10"]
[SourceQuality "1"]

1. e4 d5 2. exd5 Qxd5 3. Nc3 Qa5 4. d4 Nf6 5. Bc4 c6 6. Bd2 Bf5 7. Nf3 e6 8. 0-0 Nbd7 9. Re1 Qc7 10. Qe2 0-0-0 11. Bb3 Bd6 12. h3 h6 13. Rad1 g5 14. Ne5 Bxe5 15. dxe5 Nd5 16. Nxd5 exd5 17. Qe3 Qb6 18. Qxb6 Nxb6 19. Bb4 Rhe8 20. f3 Re6 21. Ba5 Re7 22. Bb4 Re6 23. Ba5 Re7 24. Bb4 1/2-1/2